On This Day: November 5th Quiz Stats

 Plays Quiz Updated Nov 5, 2017

Challenge
Share
Tweet
Embed
Score 0/7 Timer 03:00
0 Plays Today
Question Answer Wrong Answers
Shortly after midnight, this man is found guarding a stockpile of explosives beneath the House of Lords in London.
1605
Guy Fawkes
94.7%
Guido Forto
1.5%
Gerald Fox
1.6%
Graham Franklin
2.2%
This India-born British actress, best known for her iconic performance as Scarlett O'Hara in ‘Gone with the Wind’, is born.
1913
Vivien Leigh
83.7%
Olivia de Havilland
4.1%
Elizabeth Taylor
4.8%
Grace Kelly
6.1%
This man becomes the first and only President of the United States to be elected to a third term.
1940
Franklin D. Roosevelt
83.5%
Theodore Roosevelt
9%
Harry S. Truman
2%
Dwight D. Eisenhower
3.7%
In defiance of the law, this well-known suffragist votes for the first time, and is later fined $100.
1872
Susan B. Anthony
81.4%
Harriet Tubman
10.8%
Jane Addams
3%
Ida B. Wells
4.1%
This mobile operating system is unveiled by Google.
2007
Android
69.1%
iOS
16.4%
BlackBerry OS
5.8%
Windows Mobile
6.4%
President Farooq Leghari dismisses the government of Prime Minister Benazir Bhutto, and dissolves the National Assembly of ______.
1996
Pakistan
68.2%
Iran
5.9%
India
11.3%
Bhutan
12.5%
France and the British Empire follow Russia in declaring war on this empire, whose defeat in World War I leads to the empire's eventual dissolution in the 1920s.
1914
Ottoman Empire
67.6%
German Empire
27.1%
Spanish Empire
1.2%
Russian Empire
2.5%

Today's Daily Dose

You're not logged in!

Compare scores with friends on all Sporcle quizzes.
OR
Log In

You Might Also Like...

Show Comments

Extras

Top Quizzes Today


Score Distribution

Your Account Isn't Verified!

In order to create a playlist on Sporcle, you need to verify the email address you used during registration. Go to your Sporcle Settings to finish the process.

Report this User

Report this user for behavior that violates our Community Guidelines.

Details: